=LDR 00000nam 2200000 4500 =001 INLIS000000000010939 =005 20130612102539 =008 ***********************************Ind** =035 ##$$0010-061300000010939 =041 ##$$a Ind =082 ##$$a 671-634-2 =090 ##$$a 671.634.2, Har-e =100 ##$$a Harty, F.J =245 ##$$a Endodonti lelinis(Endodontics in clinical(Practice), FJ.Harty; alih bahasa Litian Yurwono =300 ##$$a XI, 362 hlm., ilus, 21 cm =650 ##$$a Endodonti =700 ##$$a Yuwono, Lilian =850 ##$$a NBPNMAT =990 ##$$a 0001/BPAP-NTB/20142015